[Event "Balatonbereny IM-B"]
[Site "Balatonbereny"]
[Date "1996.??.??"]
[Round "11"]
[White "Proehl, Holger"]
[Black "Lakos, Nikoletta"]
[Result "1/2-1/2"]
[WhiteElo "2380"]
[BlackElo "2225"]

1.e4 c5 2.c3 Nf6 3.e5 Nd5 4.Nf3 e6 5.g3 d6 6.exd6 Bxd6 7.Bg2 O-O 8.O-O Nc7
9.d4 cxd4 10.Nxd4 e5 11.Nb3 Nc6 12.N1d2 Ne6 13.Nc4 Bc7 14.Qxd8 Rxd8 15.Re1 Bd7
16.Bd2 f6 17.Rad1 Be8 18.Be3 Bh5 19.Rxd8+ Rxd8 20.Na3 Bb6 21.Bxb6 axb6 22.f4 Kf7
23.fxe5 Nxe5 24.Bxb7 Bd1 25.Kf1 Bxb3 26.axb3 Nc5 27.Bg2 Nxb3 28.h3 Nd2+ 29.Ke2 Ndc4
30.Nxc4 Nxc4 31.b3 Rd2+ 32.Kf1 Ne5 33.Be4 g6 34.Re2 Rd1+ 35.Re1 Rd2 36.Re2 Rd1+
37.Re1 Rd7 38.Re2 Ke6 39.Kf2 f5 40.Bc2 Rc7 41.c4 Rd7 42.Ke3 Nc6 43.Bd3 Ke5
44.Kd2+ Kd4 45.Re6 Ne5 46.Be2 Nf7 47.h4 Rd6 48.Re7 Rf6 49.Rd7+ Nd6 50.Bf3 h6
51.Re7 g5 52.h5 b5 53.cxb5 Nxb5 54.Re3 Kc5 55.Re5+ Kb4 56.Bd5 Nd4 57.Kd3 Nxb3
58.Bxb3 Kxb3 59.Rb5+ Ka4 60.Rb8 Rd6+ 61.Ke3 Ka5 62.Rf8 Kb6 63.Rxf5 Re6+ 64.Kd4 Kc6
65.Rf7 Kd6 66.Ra7 Re1 67.Ra6+ Ke7 68.Rxh6 Rg1 69.Ke5 Rxg3 70.Ra6 Rf3 71.h6 Kf7
72.h7  1/2-1/2

[Event "Foment Martinenc op"]
[Site "Barcelona"]
[Date "1996.??.??"]
[Round "3"]
[White "Braeuning, Rudolf Wilhelm"]
[Black "De la Riva Aguado, Oscar"]
[Result "0-1"]
[WhiteElo "2265"]
[BlackElo "2490"]

1.e4 c5 2.c3 Nf6 3.e5 Nd5 4.d4 cxd4 5.Nf3 Nc6 6.Bc4 Nb6 7.Bb3 g6 8.Ng5 d5
9.exd6 e6 10.Qf3 Ne5 11.Qe4 Qxd6 12.O-O Bg7 13.Rd1 h6 14.Nf3 f5 15.Qh4 Nxf3+
16.gxf3 d3 17.Qg3 e5 18.Rxd3 Qf6 19.f4 e4 20.Rd4 Qc6 21.Be3 Bxd4 22.Bxd4 Rh7
23.Na3 Bd7 24.Nb5 Re7 25.Rd1 Kd8 26.a4 a6 27.Na3 Kc8 28.Qe3 Nd5 29.Qc1 e3
30.fxe3 Nxf4 31.exf4 Re2 32.Bf2 Qf3 33.Rf1 Bc6 34.Be6+ Rxe6  0-1

[Event "Barcelona"]
[Site "Barcelona"]
[Date "1996.??.??"]
[Round "4"]
[White "Jerez Perez, Alfonso"]
[Black "De la Riva Aguado, Oscar"]
[Result "0-1"]
[WhiteElo "2335"]
[BlackElo "2470"]

1.e4 c5 2.c3 Nf6 3.e5 Nd5 4.d4 cxd4 5.cxd4 d6 6.Bc4 Nb6 7.Bb5+ Bd7 8.e6 Bxb5
9.Qh5 Qc8 10.Qxb5+ Kd8 11.Be3 Qc4 12.Qxc4 Nxc4 13.exf7 e6 14.Nc3 d5 15.b3 Bb4
16.Ne2 Nd6 17.g3 Bxc3+ 18.Nxc3 Nc6 19.Ke2 Kd7 20.Rac1 Nxf7 21.Na4 b6 22.Nb2 Rac8
23.Kd3 Nd6 24.b4 Nb5 25.Ra1 e5 26.dxe5 Nxe5+ 27.Kd2 Rhf8 28.f4 Nc4+ 29.Nxc4 Rxc4
30.Rhc1 Re4 31.Kd3 Rfe8 32.Re1 Rc8 33.a4 Nd6 34.Bd2 Nc4 35.Rxe4 dxe4+ 36.Ke2 Ke6
37.g4 Rd8 38.Rd1 Rd3 39.Be1 Rxd1 40.Kxd1 Ne3+ 41.Ke2 Nxg4 42.Bc3 g6 43.b5 Nf6
44.Be5 Nd7 45.Bd4 Kd5 46.Ke3 Nc5 47.Bxc5 bxc5 48.a5 c4  0-1

[Event "Barcelona"]
[Site "Barcelona"]
[Date "1996.??.??"]
[Round "8"]
[White "Jerez Perez, Alfonso"]
[Black "Ochoa de Echaguen, F Javier"]
[Result "1/2-1/2"]
[WhiteElo "2335"]
[BlackElo "2410"]

1.e4 c5 2.c3 Nf6 3.e5 Nd5 4.d4 cxd4 5.Qxd4 e6 6.Nf3 Nc6 7.Qe4 d6 8.g3 Qc7
9.exd6 Bxd6 10.Bg2 O-O 11.O-O Ne5 12.Nbd2 Bd7 13.c4 Nf6 14.Qe2 Bc6 15.b3 Nxf3+
16.Nxf3 b6 17.Bb2 Qb7 18.Bxf6 gxf6 19.Rfd1 Rad8 20.Nh4 Bxg2 21.Nxg2 Be5 22.Rxd8 Rxd8
23.Rd1 Rxd1+ 24.Qxd1 Qe4 25.Ne3 Kf8 26.Qc2 f5 27.Qd2 Ke7 28.Ng2 Qd4 29.Qxd4 Bxd4
30.Kf1 Kd6 31.Ne1 Bg7 32.Ke2 Kc5 33.Kd3 a5 34.Nc2 Bb2 35.a3 e5 36.f3 Kd6
37.b4 h5 38.bxa5 bxa5 39.a4 Bc1 40.Na1 Ba3 41.Nb3 Bb4 42.h3 Be1 43.g4 hxg4
44.hxg4 e4+ 45.Ke2  1/2-1/2

[Event "Regionalliga SO9596"]
[Site "Bayern"]
[Date "1996.??.??"]
[Round "?"]
[White "Jergler, Karl Heinz"]
[Black "Bensch, Patrick"]
[Result "1-0"]
[WhiteElo "2180"]
[BlackElo "2130"]

1.e4 c5 2.c3 Nf6 3.e5 Nd5 4.d4 cxd4 5.Nf3 d6 6.exd6 Qxd6 7.Nxd4 e6 8.Nd2 Nc6
9.Nc4 Qd8 10.Nxc6 bxc6 11.Be2 Be7 12.O-O O-O 13.Qc2 Bf6 14.Rd1 Ba6 15.Ne3 Bxe2
16.Qxe2 Qb6 17.Ng4 Be7 18.c4 Qa6 19.Bd2 Rfe8 20.Re1 Nf6 21.Ne5 Rad8 22.Bc3 Bf8
23.Qf3 c5 24.b3 Bd6 25.Nc6 Rc8 26.Bxf6 Qxc6 27.Qxc6 Rxc6 28.Bc3 Ra6 29.Red1 Kf8
30.g3 g6 31.Rd2 Ke7 32.Rad1 Rc8 33.f4 h5 34.Kf2 Rac6 35.Ke3 Ra6 36.Be5 Bxe5
37.fxe5 Rc7 38.Ke4 Rb6 39.Rd8 Ra6 40.R1d2 Ra5 41.Rb8 Ra3 42.Kf4 Ra6 43.Kg5 Rac6
44.Rdd8 Rb6 45.Re8+ Kd7 46.Rbd8+ Kc6 47.Kf6 Ra6 48.Rd6+ Kb7 49.Rxa6 Kxa6
50.Re7  1-0

[Event "Regionalliga SW9596"]
[Site "Bayern"]
[Date "1996.??.??"]
[Round "?"]
[White "Herb, Stefan"]
[Black "Antemia, Paul"]
[Result "1-0"]
[WhiteElo "2025"]
[BlackElo "2130"]

1.e4 c5 2.c3 Nf6 3.e5 Nd5 4.d4 d6 5.Nf3 Nc6 6.exd6 exd6 7.Bb5 Nc7 8.Bxc6+ bxc6
9.O-O Be7 10.dxc5 dxc5 11.Qa4 O-O 12.Re1 Qe8 13.Bf4 Nd5 14.Be5 Be6 15.Nbd2 Nb6
16.Qe4 h6 17.c4 Qc8 18.b3 Re8 19.Rac1 a5 20.a4 Qd7 21.Rcd1 Bf5 22.Qf4 Bc2
23.Ra1 Bg6 24.Ne4 Bxe4 25.Rxe4 Bg5 26.Nxg5 hxg5 27.Qf3 f6 28.Bb2 Rxe4 29.Qxe4 Re8
30.Qc2 Ra8 31.Rd1 Qe6 32.Qd2 Rb8 33.h3 Rb7 34.Qd8+ Kh7 35.Qd3+ Kg8  1-0

[Event "Regionalliga SO9596"]
[Site "Bayern"]
[Date "1996.??.??"]
[Round "?"]
[White "Besner, Bernhard"]
[Black "Wagner, Hans"]
[Result "1/2-1/2"]
[WhiteElo "2020"]
[BlackElo "2130"]

1.e4 c5 2.c3 Nf6 3.e5 Nd5 4.d4 cxd4 5.Qxd4 e6 6.Bc4 Nc6 7.Qe4 Nb6 8.Bd3 d6
9.exd6 Bxd6 10.Nf3 f5 11.Qe2 O-O 12.Na3 e5 13.Bg5 Be7 14.Rd1 Bd7 15.h4 Kh8
16.Bb5 e4 17.Nd4 Qe8 18.Bxc6 bxc6 19.Nac2 c5 20.Bxe7 Qxe7 21.Nb5 Be6  1/2-1/2

[Event "Regionalliga SO9596"]
[Site "Bayern"]
[Date "1996.??.??"]
[Round "?"]
[White "Besner, Bernhard"]
[Black "Seitz, Michael"]
[Result "1/2-1/2"]
[WhiteElo "2020"]
[BlackElo "2135"]

1.e4 c5 2.c3 Nf6 3.e5 Nd5 4.d4 cxd4 5.Qxd4 e6 6.Bc4 Nc6 7.Qe4 Nb6 8.Bd3 d5
9.Qe2 Bd7 10.Nf3 Be7 11.O-O Rc8 12.Nbd2 O-O 13.Nb3 Qc7 14.Re1 h6 15.Bb1 f5
16.exf6 Bxf6 17.Qd3 Ne7 18.Qh7+ Kf7 19.Bxh6 Rg8 20.g3 e5 21.Bg5 Rh8 22.Bxf6 Kxf6
23.Qd3 e4 24.Qd4+ Kf7 25.Ne5+ Kg8 26.Nxd7 Qxd7 27.Nd2 Qh3 28.Nf1 Nc6 29.Qe3 Ne5
30.Bxe4 dxe4 31.Qxe4 Nf7 32.Qxb7 Rf8 33.Re7 Nc8 34.Re3 Ncd6 35.Qg2 Qh5 36.Rae1 Ng5  1/2-1/2

[Event "Regionalliga NW9697"]
[Site "Bayern"]
[Date "1996.??.??"]
[Round "?"]
[White "Horther, Heinrich"]
[Black "Neubert, Marcus"]
[Result "1-0"]
[WhiteElo "2155"]
[BlackElo "2060"]

1.e4 c5 2.c3 Nf6 3.e5 Nd5 4.d4 cxd4 5.cxd4 Nc6 6.Nc3 Nb6 7.Nf3 d5 8.Bd3 Bg4
9.Be3 e6 10.Rc1 Rc8 11.O-O Be7 12.Qe2 Bh5 13.h3 a6 14.a3 Na5 15.g4 Bg6 16.Nd2 Bxd3
17.Qxd3 h5 18.Kg2 Nbc4 19.Nxc4 Nxc4 20.Qe2 Bf8 21.g5 g6 22.h4 Be7 23.Rc2 Qd7
24.Rfc1 O-O 25.Nd1 b5 26.Bd2 Kg7 27.Bb4 Nb6 28.b3 Rxc2 29.Rxc2 Rc8 30.Bc5 Rb8
31.Ne3 Nc8 32.b4 Nb6 33.Bxb6 Rxb6 34.Qd2 Rc6 35.Qc1 Rxc2 36.Qxc2 Qb7 37.Qc3 Qb6
38.Nd1 Bd8 39.Nb2 Bc7 40.Nd3 Qb7 41.Nc5 Qa7 42.Nb3 Bd8 43.Qc6 Bb6 44.Nc5 a5
45.Qxb5 axb4 46.Qxb4 Qc7 47.a4 Bxc5 48.Qxc5 Qb7 49.Qb5 Qa7 50.Qb4 Qa6 51.Qb3 Qe2
52.Qf3 Qa2 53.Qf6+ Kg8 54.Qd8+ Kh7 55.Qf8 Qxa4 56.Qxf7+ Kh8 57.Qf8+ Kh7 58.Qh6+ Kg8
59.Qxg6+ Kf8 60.Qf6+ Kg8 61.Qxe6+  1-0

[Event "Regionalliga SW9697"]
[Site "Bayern"]
[Date "1996.??.??"]
[Round "?"]
[White "Halanke, Frank"]
[Black "Santl, Anton"]
[Result "0-1"]
[WhiteElo "1865"]
[BlackElo "2085"]

1.e4 c5 2.c3 Nf6 3.e5 Nd5 4.d4 cxd4 5.cxd4 d6 6.Bc4 Nb6 7.Bb3 dxe5 8.dxe5 Qxd1+
9.Bxd1 Nc6 10.f4 Bf5 11.g4 Be4 12.Bf3 Bxf3 13.Nxf3 e6 14.Nc3 Bb4 15.Bd2 O-O-O
16.O-O-O Rd3 17.Ng5 Rd7 18.Nce4 h6 19.Bxb4 hxg5 20.Rxd7 Kxd7 21.Bd2 gxf4
22.Bxf4 Nd5 23.Bg3 Ke7 24.Kd2 Ndb4 25.a3 Rd8+ 26.Nd6 Nd5 27.Rf1 f6 28.Nxb7 Rh8
29.exf6+ gxf6 30.Rc1 Nd4 31.Nc5 Rg8 32.Kd3 Rxg4 33.Ne4 Nf5 34.Bb8 Rh4 35.Rc6 Rh3+
36.Kd2 e5 37.Bxa7 Rxh2+ 38.Kc1 Nd4 39.Bxd4 exd4 40.a4 f5 41.Nd2 Nb4 42.Rc4 Rh1+
43.Nf1 Rxf1+ 44.Kd2 Rf2+ 45.Kd1 Rxb2 46.Rxd4 Ke6 47.a5 Ke5 48.Rc4 f4 49.Rc8 Ra2
50.Re8+ Kd4 51.Rb8 Nd5 52.Rd8 f3 53.Ke1  0-1

[Event "Beersheba"]
[Site "Beersheba"]
[Date "1996.??.??"]
[Round "5"]
[White "Finkel, Alexander"]
[Black "Greenfeld, Alon"]
[Result "1-0"]
[WhiteElo "2500"]
[BlackElo "2560"]

1.e4 c5 2.c3 Nf6 3.e5 Nd5 4.d4 cxd4 5.Qxd4 e6 6.Nf3 Nc6 7.Qe4 d6 8.Nbd2 Be7
9.Nc4 f5 10.Qe2 dxe5 11.Ncxe5 Nxe5 12.Nxe5 O-O 13.g3 Qc7 14.Bd2 Bf6 15.f4 Bxe5
16.Qxe5 Qxe5+ 17.fxe5 Bd7 18.c4 Ne7 19.Be2 Bc6 20.O-O Ng6 21.Bc3 Rfd8 22.Rad1 Rxd1
23.Rxd1 Kf7 24.Kf2 Rc8 25.a4 Ne7 26.a5 g5 27.h4 g4 28.Rd6 h5 29.Bd4 f4 30.Bd3 fxg3+
31.Kxg3 a6 32.b4 Rc7 33.Bb6 Rd7 34.b5 axb5 35.cxb5 Bxb5 36.Bxb5 Rxd6 37.exd6 Nf5+
38.Kf4 Nxd6 39.Bd3 Ke8  1-0

[Event "Beersheba"]
[Site "Beersheba"]
[Date "1996.??.??"]
[Round "7"]
[White "Finkel, Alexander"]
[Black "Shmuter, Leonid"]
[Result "1/2-1/2"]
[WhiteElo "2500"]
[BlackElo "2490"]

1.e4 c5 2.c3 Nf6 3.e5 Nd5 4.Nf3 Nc6 5.Bc4 e6 6.d4 cxd4 7.cxd4 d6 8.Qe2 Be7
9.O-O O-O 10.Qe4 b6 11.Bd3 g6 12.Bh6 Re8 13.a3 Bb7 14.Nbd2 dxe5 15.dxe5 Na5
16.Qe2 Bf8 17.Bg5 Be7 18.Bh6 Bf8 19.Bg5 Be7 20.Ne4 Nb3 21.Rad1 Nd4 22.Nxd4 Bxg5
23.g3 Qe7 24.Nb5 Red8 25.Nbd6 Bh6 26.Nxb7 Qxb7 27.Nd6 Qc6 28.Be4 Bf8 29.Qf3 Bxd6
30.Rxd5 exd5 31.Bxd5 Qd7 32.e6 fxe6 33.Bxa8 Bc5 34.b4 Bd4 35.Kg2 Rc8 36.Be4 e5
37.Rd1 Kg7 38.Rd2 Rf8 39.Qb3 Qf7 40.Qxf7+ Rxf7 41.Rc2 a5 42.bxa5  1/2-1/2

[Event "Lee Cup"]
[Site "Beijing"]
[Date "1996.??.??"]
[Round "1"]
[White "Xu Yang"]
[Black "Wang Zili"]
[Result "1-0"]
[WhiteElo "2355"]
[BlackElo "2535"]

1.e4 c5 2.c3 Nf6 3.e5 Nd5 4.d4 cxd4 5.Nf3 Nc6 6.cxd4 d6 7.exd6 Qxd6 8.Nc3 e6
9.Bd3 Be7 10.O-O Nxc3 11.bxc3 O-O 12.Re1 b6 13.Qe2 Bb7 14.Qe4 g6 15.Bh6 Rfc8
16.Bg5 Bf8 17.Qh4 Na5 18.Ne5 Rxc3 19.Nxf7 Qc7 20.Ne5 Nc6 21.Bf6 Nxe5 22.Bxe5 Qe7
23.Bf6 Qf7 24.d5 Rxd3 25.dxe6 Qe8 26.e7 Qc6 27.f3 Rd2 28.Qf4 Rd6 29.Bb2 Qc5+
30.Kh1 Re8 31.Rac1 Qd5 32.exf8=Q+ Rxf8 33.Rc7 Rd7  1-0

[Event "Lee Cup"]
[Site "Beijing"]
[Date "1996.??.??"]
[Round "4"]
[White "Xie Jianjun"]
[Black "Qin Kanying"]
[Result "1-0"]
[WhiteElo "2415"]
[BlackElo "2370"]

1.e4 c5 2.c3 Nf6 3.e5 Nd5 4.d4 cxd4 5.Nf3 e6 6.cxd4 b6 7.Nc3 Nxc3 8.bxc3 Qc7
9.Bd2 d6 10.Bd3 Nd7 11.Ng5 Bb7 12.f4 Bxg2 13.Rg1 Bd5 14.Qe2 Be7 15.c4 Bb7
16.Nxf7 Kxf7 17.Qh5+ Kf8 18.f5 Nf6 19.exf6 Bxf6 20.fxe6 Qe7 21.d5 Bxa1 22.Rf1+ Bf6
23.Bg5 Kg8 24.Bxf6 gxf6 25.Rg1+ Kf8 26.Qh6+ Ke8 27.Rg7 Qf8 28.e7 Qf7 29.Rxf7 Kxf7
30.Bxh7 Rae8 31.Bg6+ Kxe7 32.Qg7+ Kd8+ 33.Bxe8 Rxe8+ 34.Kd2 Re7 35.Qf8+ Kd7
36.Qb8  1-0

[Event "Lee Cup"]
[Site "Beijing"]
[Date "1996.??.??"]
[Round "8"]
[White "Yin Hao"]
[Black "Li Zunian"]
[Result "1/2-1/2"]
[WhiteElo "2320"]
[BlackElo "2400"]

1.e4 c5 2.c3 Nf6 3.e5 Nd5 4.d4 cxd4 5.Nf3 Nc6 6.cxd4 d6 7.Be2 dxe5 8.dxe5 g6
9.O-O Bg7 10.Bc4 Be6 11.Ng5 Nxe5 12.Nxe6 fxe6 13.Bb5+ Nc6 14.Qe2 Qd7 15.Na3 a6
16.Bxc6 Qxc6 17.Bg5 O-O 18.Rac1 Qd7 19.Nc4 b5 20.Ne3 Nf4 21.Qg4 h5 22.Qd1 Qxd1
23.Rcxd1 Bxb2 24.Bxe7 Rf7 25.Bd6 e5 26.g3 Ne2+ 27.Kg2 Bd4 28.Nc2 Nc3 29.Rd3 Nxa2
30.Nxd4 exd4 31.Ra1 Rd7 32.Rxd4 Rad8 33.Rxa2 Rxd6 34.Re4 Rb8 35.Re7 b4 36.Rc2 g5
37.Rcc7 Rg6 38.Ra7 g4 39.h4 a5 40.Rxa5 b3 41.Ra1 b2 42.Rb1 Rb3 43.Re2 Rgb6
44.Kg1 Kf7 45.Kg2  1/2-1/2

[Event "Belgrade"]
[Site "Belgrade"]
[Date "1996.??.??"]
[Round "3"]
[White "Certic, Branimir"]
[Black "Simic, Radoslav"]
[Result "1-0"]
[WhiteElo "2440"]
[BlackElo "2490"]

1.e4 c5 2.c3 Nf6 3.e5 Nd5 4.Nf3 e6 5.Bc4 d6 6.d4 cxd4 7.cxd4 Be7 8.O-O O-O
9.Qe2 Nc6 10.Nc3 Nxc3 11.bxc3 dxe5 12.dxe5 Qc7 13.Re1 Rd8 14.Qe4 Bd7 15.Bg5 Be8
16.Bd3 g6 17.Rad1 Rd5 18.h4 Rad8 19.c4 Bxg5 20.cxd5 exd5 21.Qg4 Bh6 22.h5 Kh8
23.hxg6 fxg6 24.Qh4 Kg7 25.Bb5 Qe7 26.Qxe7+ Nxe7 27.Nd4 Bf7 28.g3 a6 29.Ba4 Rc8
30.f4 Rc4 31.Bb3 Rb4 32.a3 Rb6 33.Rb1 Nc6 34.Nxc6 Rxc6 35.Rec1 g5 36.Rxc6 bxc6
37.f5 g4 38.Bc2 Be3+ 39.Kg2 Bd4 40.f6+ Kf8 41.Rb8+ Be8 42.Bxh7 Bxe5 43.Rc8 Kf7
44.Bg8+  1-0

[Event "Belgrade"]
[Site "Belgrade"]
[Date "1996.??.??"]
[Round "7"]
[White "Zakic, Srdjan"]
[Black "Govedarica, Radovan"]
[Result "1-0"]
[WhiteElo "2365"]
[BlackElo "2445"]

1.e4 c5 2.c3 Nf6 3.e5 Nd5 4.Nf3 e6 5.d4 cxd4 6.cxd4 d6 7.a3 Nc6 8.Bd3 Be7
9.O-O O-O 10.Qe2 Nb6 11.Qe4 g6 12.Bh6 Re8 13.Nc3 Nd5 14.Rad1 Nxc3 15.bxc3 dxe5
16.dxe5 Qa5 17.Rfe1 Qxa3 18.Bg5 Bf8 19.Bf6 Bg7 20.Qh4 Bxf6 21.exf6 Qf8 22.Ng5 h6
23.Bxg6 fxg6 24.f7+ Kg7 25.fxe8=Q Qxe8 26.Ne4 g5 27.Qg3 e5 28.Rd6 Bf5 29.h4 Bxe4
30.Rxe4 Rd8 31.Qd3 Rxd6 32.Qxd6 Qg6 33.Qd7+ Qf7 34.Qg4 Qe7 35.hxg5 hxg5 36.Re3 Nd8
37.Rd3 Nf7 38.Rd7 Qf6 39.Rxb7 a6 40.Ra7 Kg6 41.g3 Qd6 42.Qc4  1-0

[Event "DVM U20"]
[Site "Berlin"]
[Date "1996.??.??"]
[Round "2"]
[White "Werner, Isabel"]
[Black "Buhr, Carl Christian"]
[Result "0-1"]
[WhiteElo "2210"]
[BlackElo "2245"]

1.e4 c5 2.c3 Nf6 3.e5 Nd5 4.d4 cxd4 5.Nf3 e6 6.cxd4 b6 7.Nc3 Nxc3 8.bxc3 Qc7
9.Bd2 Be7 10.Bd3 Ba6 11.Qe2 Bxd3 12.Qxd3 Nc6 13.O-O h6 14.Rfe1 d5 15.exd6 Qxd6
16.Qe4 Rd8 17.Qg4 Bf6 18.Re2 Qd5 19.Rae1 h5 20.Qg3 h4 21.Qg4 h3 22.gxh3 Qxa2
23.Bg5 Qd5 24.Bxf6 gxf6 25.Qg7 Rxh3 26.Nd2 Qg5+ 27.Qxg5 fxg5 28.Ne4 Ke7 29.Ng3 Kf6
30.Re3 Rdh8 31.Ne4+ Kg6 32.Rg3 Rxg3+ 33.fxg3 Rc8 34.Kg2 Ne7 35.Ra1 a5 36.Rb1 Nd5
37.h4 gxh4 38.gxh4 Rc6 39.Kf2 f5 40.Rg1+ Kh5 41.Ng5 Nxc3 42.Re1 a4 43.Kf3 a3
44.Kf4 a2 45.Ra1 b5 46.Nf3 Ra6 47.Nh2 Nd5+  0-1

[Event "DVM U20"]
[Site "Berlin"]
[Date "1996.??.??"]
[Round "3"]
[White "Proehl, Holger"]
[Black "Werner, Isabel"]
[Result "1-0"]
[WhiteElo "2400"]
[BlackElo "2210"]

1.e4 c5 2.c3 Nf6 3.e5 Nd5 4.Bc4 Nb6 5.Bb3 d6 6.exd6 Qxd6 7.Nf3 Nc6 8.O-O g6
9.Na3 Bg7 10.d4 cxd4 11.Nb5 Qd8 12.Nbxd4 Nxd4 13.Nxd4 O-O 14.Bg5 Qc7 15.Qe2 e6
16.Rad1 a6 17.Rfe1 Bd7 18.Qe4 e5 19.Nc2 Bc6 20.Qh4 a5 21.a4 Kh8 22.Bf6 Rae8
23.Ne3 Bd7 24.Be7 Bxa4 25.Bd6 Qc6 26.Bxf8 Rxf8 27.Bxa4 Nxa4 28.Nc4 Qc7 29.Re2 b5
30.Nd6 Qb6 31.Qe7 Kg8 32.Qd7 Qa6 33.Rc2 Nc5 34.Qxb5 Qxb5 35.Nxb5 Rb8 36.c4 e4
37.Rd5 Nd3 38.Rd2 Nxb2 39.Rd8+ Rxd8 40.Rxd8+ Bf8 41.c5  1-0

[Event "DVM U20"]
[Site "Berlin"]
[Date "1996.??.??"]
[Round "3"]
[White "Ullrich, Farid Raoul"]
[Black "Naumann, Alexander"]
[Result "0-1"]
[WhiteElo "2165"]
[BlackElo "2365"]

1.e4 c5 2.c3 Nf6 3.e5 Nd5 4.d4 cxd4 5.Nf3 Nc6 6.Bc4 Nb6 7.Bb3 g6 8.Bf4 Bg7
9.cxd4 O-O 10.h4 d6 11.e6 Bxe6 12.Bxe6 fxe6 13.Be3 Nd5 14.h5 Qa5+ 15.Nbd2 gxh5
16.Qb1 Nxe3 17.fxe3 Qf5 18.Ke2 Qg4 19.Qg1 e5 20.d5 e4 21.dxc6 bxc6 22.Qh2 exf3+
23.gxf3 Qf5 24.Rag1 Kh8 25.f4 Bf6 26.Qxh5 Qxh5+ 27.Rxh5 Bxb2 28.Ne4 Bf6 29.Rgh1 Rf7
30.Rh6 Rg8 31.R1h2 Rb8 32.Kd3 Rb5 33.Rc2 c5 34.Kc4 Rb4+ 35.Kd3 a5 36.Nd2 Bg7
37.Rh5 Rf8 38.Ne4 Bf6 39.Nd2 a4 40.Nc4 Rb1 41.Rch2 Rf7 42.Ke4 Rg7 43.Kf5 d5
44.Ne5 a3 45.Nd7 c4 46.Nxf6 exf6 47.Kxf6 Rb2 48.Rh1 Rb6+ 49.Ke5 c3 50.Rc1 Rc7
51.Rh2 Rb2 52.Rhc2 Rxc2 53.Rxc2 h5 54.Kf5 Rc5 55.Kg6 Kg8 56.f5 h4 57.f6 Rc4
58.e4 dxe4 59.Rh2 e3 60.Re2 c2  0-1

[Event "Berliner Sommer"]
[Site "Berlin"]
[Date "1996.??.??"]
[Round "3"]
[White "Yagupov, Igor"]
[Black "Akopian, Vladimir"]
[Result "0-1"]
[WhiteElo "2435"]
[BlackElo "2630"]

1.e4 c5 2.c3 Nf6 3.e5 Nd5 4.d4 cxd4 5.Nf3 e6 6.cxd4 b6 7.Nc3 Nxc3 8.bxc3 Qc7
9.Bd2 Bb7 10.Bd3 d6 11.O-O Nd7 12.Ng5 dxe5 13.Qh5 g6 14.Qh3 Be7 15.Rfe1 Bd5
16.a4 Bc4 17.Bc2 f5 18.dxe5 Nc5 19.Be3 Rd8 20.Qh6 Qxe5 21.Bxc5 Bxg5 22.Qxg5 Qxc5
23.Qf6 Rf8 24.Qh4 Rf7 25.Rad1 Rfd7 26.Rxd7 Rxd7 27.Qf4 Qd5 28.h4 Qd2 29.Re3 Qxc2
30.Qxc4 Qd1+ 31.Kh2 Qd6+ 32.f4 Kf7 33.g3 Qd5 34.Qe2 Qd1 35.Rxe6 Rd2 36.Re7+ Kf6
37.Re6+ Kg7  0-1

[Event "Berliner Sommer"]
[Site "Berlin"]
[Date "1996.??.??"]
[Round "6"]
[White "Voigt, Ulrich"]
[Black "Berndt, Stephan"]
[Result "0-1"]
[WhiteElo "2210"]
[BlackElo "2370"]

1.e4 c5 2.c3 Nf6 3.e5 Nd5 4.d4 cxd4 5.cxd4 d6 6.Nf3 Nc6 7.exd6 Qxd6 8.Nc3 Bf5
9.a3 e6 10.Bc4 Nb6 11.Ba2 Be7 12.O-O Rd8 13.Be3 O-O 14.Qe2 Bf6 15.Rfd1 Ne7
16.Bd2 Nbd5 17.Ne4 Bxe4 18.Qxe4 g6 19.Rac1 Rc8 20.Ne5 Bg7 21.b4 Nf5 22.Nf3 b6
23.g3 Rfd8 24.Qd3 Rxc1 25.Rxc1 h6 26.Qa6 Qe7 27.Qc4 Qb7 28.Ne5 Nfe7 29.b5 Bxe5
30.dxe5 Rc8 31.Qe4 Rxc1+ 32.Bxc1 Kg7 33.Bd2 Qc7 34.Qd3 Qc5 35.Kg2 Qc7 36.f4 Qb7
37.Qf3 Qd7 38.a4 Qc7 39.Bb3 Qc5 40.h4 Qd4 41.Qf2 Qb2 42.Bxd5 Nxd5 43.Qe2 Qc2
44.a5 Nc3  0-1

[Event "Bern op"]
[Site "Bern"]
[Date "1996.??.??"]
[Round "4"]
[White "Ballmer, Mirko"]
[Black "Schaefer, Michael"]
[Result "0-1"]
[WhiteElo "2070"]
[BlackElo "2190"]

1.e4 c5 2.c3 Nf6 3.e5 Nd5 4.d4 cxd4 5.cxd4 e6 6.Nf3 d6 7.Bc4 Nc6 8.O-O Be7
9.Na3 O-O 10.Nc2 Re8 11.Ne3 dxe5 12.dxe5 Nf4 13.Qc2 Qc7 14.Bb5 Bd7 15.Nf5 Nh3+
16.gxh3 exf5 17.Re1 Qa5 18.Qe2 Nxe5 19.Bd2 Nxf3+ 20.Qxf3 Qxb5  0-1

[Event "Bern op"]
[Site "Bern"]
[Date "1996.??.??"]
[Round "7"]
[White "Neyer, Renato"]
[Black "Riedener, Toni"]
[Result "0-1"]
[WhiteElo "2230"]
[BlackElo "2100"]

1.e4 c5 2.c3 Nf6 3.e5 Nd5 4.g3 d6 5.exd6 exd6 6.Bg2 Be6 7.Qe2 Be7 8.f4 Nf6
9.Bxb7 Nbd7 10.Bg2 O-O 11.Nf3 c4 12.O-O Nc5 13.Nd4 Bg4 14.Qxc4 d5 15.Qb4 Rb8
16.Qa3 Nb3 17.Qxb3 Rxb3 18.axb3 Bc5 19.d3 Bxd4+ 20.cxd4 Qb6 21.Ra4 Bd7 22.Ra1 Qxd4+
23.Kh1 Ng4 24.h3 Ne3 25.Bxe3 Qxe3 26.Kh2 d4 27.Rxa7 Bb5 28.Na3 Bxd3 29.Nc4 Qe2
30.Rd7 Be4 31.Rg1 d3 32.Kh1 f5 33.Kh2 Ra8 34.h4 Ra1 35.Ne5 h6 36.Rd8+ Kh7
37.Nf3  0-1

[Event "SLO-chT"]
[Site "Bled"]
[Date "1996.??.??"]
[Round "3"]
[White "Jeric, Simon"]
[Black "Cigan, Stefan"]
[Result "1/2-1/2"]
[WhiteElo "2385"]
[BlackElo "2370"]

1.e4 c5 2.c3 Nf6 3.e5 Nd5 4.d4 cxd4 5.Nf3 Nc6 6.Bc4 Nb6 7.Bb3 g6 8.cxd4 Bg7
9.Bf4 d5 10.h3 O-O 11.O-O Nc4 12.Nc3 N6a5 13.Qe2 a6 14.Bd1 b5 15.b3 Nb6 16.Qd2 Nc6
17.Rc1 Qd7 18.Be2 f6 19.Rfe1 fxe5 20.Nxe5 Nxe5 21.Bxe5 Bxe5 22.dxe5 Qb7 23.Bf3 Be6
24.Re3 Rac8 25.Rd1 b4 26.Ne2 a5 27.Nd4 Bd7 28.e6 Be8 29.Re5 Qb8 30.Qg5 Rf6
31.Bxd5 Nxd5 32.Rxd5 a4 33.Rf5 h6 34.Qg4 axb3 35.axb3 Rd8 36.Rxf6 exf6 37.e7 Rd7
38.Qe6+ Kg7 39.Nf5+ gxf5 40.Rxd7 Qc8 41.Rd6 Qc1+  1/2-1/2

[Event "Bled op"]
[Site "Bled"]
[Date "1996.??.??"]
[Round "5"]
[White "Praznik, Niko"]
[Black "Guid, Matej"]
[Result "0-1"]
[WhiteElo "2145"]
[BlackElo "2140"]

1.e4 c5 2.c3 Nf6 3.e5 Nd5 4.Nf3 Nc6 5.Bc4 Nb6 6.Be2 g6 7.d4 cxd4 8.cxd4 Bg7
9.O-O O-O 10.Nc3 d6 11.exd6 Qxd6 12.Nb5 Qd8 13.Bf4 Bf5 14.Qd2 Nd5 15.Bg3 a6
16.Nc3 Qa5 17.Bc4 Nb6 18.Bb3 Rad8 19.Qe3 e6 20.Rad1 Bg4 21.Ne2 Nd5 22.Qd3 Nde7
23.Bh4 Rd7 24.Bxe7 Nxe7 25.h3 Bxf3 26.Qxf3 Rfd8 27.Nf4 Qf5 28.Rfe1 Rxd4 29.Qxb7 Qxf4
30.Qxe7 Rxd1 31.Rxd1 Rxd1+ 32.Bxd1 Bd4 33.Bf3 Qc1+ 34.Kh2 Bxf2 35.Qd8+ Kg7
36.Qd1 Qxb2 37.Qe2 Qb8+ 38.Kh1 Qb1+ 39.Kh2 Bd4 40.Qd1 Be5+ 41.g3 Qxa2+ 42.Qe2 Qxe2+
43.Bxe2 a5 44.Bb5 Kf6 45.Kg2 Ke7 46.Kf3 Kd6 47.g4 Kd5 48.g5 f5 49.Be8 Bd6  0-1

[Event "Bled op"]
[Site "Bled"]
[Date "1996.??.??"]
[Round "5"]
[White "Sermek, Drazen"]
[Black "David, Alberto"]
[Result "1-0"]
[WhiteElo "2535"]
[BlackElo "2455"]

1.e4 c5 2.c3 Nf6 3.e5 Nd5 4.Nf3 e6 5.d4 cxd4 6.cxd4 b6 7.Nc3 Nxc3 8.bxc3 Qc7
9.Bd2 d6 10.Bd3 Nd7 11.O-O dxe5 12.Ng5 Bb7 13.Qh5 g6 14.Qh3 Bg7 15.Rae1 a6
16.f4 e4 17.Bxe4 Bxe4 18.Rxe4 Nf6 19.Rxe6+ fxe6 20.Qxe6+  1-0

[Event "SLO-chT"]
[Site "Bled"]
[Date "1996.??.??"]
[Round "5"]
[White "Babici, Roman"]
[Black "Hulak, Krunoslav"]
[Result "0-1"]
[WhiteElo "2215"]
[BlackElo "2545"]

1.e4 c5 2.c3 Nf6 3.e5 Nd5 4.d4 cxd4 5.Nf3 e6 6.cxd4 d6 7.Bc4 Nc6 8.O-O Be7
9.a3 O-O 10.Qe2 Qc7 11.Bxd5 exd5 12.Nc3 Be6 13.Bf4 dxe5 14.Nxe5 Nxe5 15.Bxe5 Qd7
16.Rfe1 Rac8 17.Qf3 Rc6 18.Re3 Rd8 19.Rae1 Bf8 20.h3 f6 21.Bf4 Bf5 22.Qe2 Rc4
23.Rd1 Rdc8 24.Qd2 Qc6 25.Ra1 b5 26.Ree1 a5 27.Rec1 b4 28.axb4 axb4 29.Na4 Bc2
30.Nc5 Bxc5 31.dxc5 Qxc5 32.Re1 Be4 33.Be3 d4 34.Bf4 Rc2 35.Qd1 d3 36.Be3 Qd5
37.Rb1 Bxg2 38.Qg4 Bf3 39.Qxb4 d2  0-1

[Event "SLO-chT"]
[Site "Bled"]
[Date "1996.??.??"]
[Round "5"]
[White "Markun, Bostjan"]
[Black "Cigan, Stefan"]
[Result "1/2-1/2"]
[WhiteElo "2265"]
[BlackElo "2370"]

1.e4 c5 2.c3 Nf6 3.e5 Nd5 4.d4 cxd4 5.Nf3 Nc6 6.cxd4 d6 7.Bc4 Nb6 8.Bb5 dxe5
9.Nxe5 Bd7 10.Bxc6 Bxc6 11.Nxc6 bxc6 12.O-O e6 13.Qg4 h5 14.Qe4 Nd5 15.Nd2 Be7
16.Nf3 O-O 17.Qe5 g6 18.Bh6 Bf6 19.Qe4 Re8 20.Rac1 Qb6 21.b3 a5 22.Bf4 a4
23.Be5 axb3 24.axb3 Qxb3 25.Rxc6 Rec8 26.Rxc8+ Rxc8 27.Bxf6 Nxf6 28.Qf4 Kg7
29.Qe5 Rd8 30.h3 Rd5 31.Qc7 Rd7 32.Qe5 Qb7 33.Re1 Rd5 34.Qe3 Qb6 35.Rc1 Ne8
36.Rc5 Qd6 37.Rxd5 Qxd5 38.Qe5+ Nf6 39.Kh2 Qe4  1/2-1/2

[Event "SLO-chT"]
[Site "Bled"]
[Date "1996.??.??"]
[Round "5"]
[White "Sermek, Drazen"]
[Black "Cvitan, Ognjen"]
[Result "0-1"]
[WhiteElo "2550"]
[BlackElo "2535"]

1.e4 c5 2.c3 Nf6 3.e5 Nd5 4.d4 cxd4 5.Nf3 e6 6.cxd4 d6 7.Bc4 Nc6 8.O-O Be7
9.Qe2 O-O 10.Qe4 Qc7 11.Bd3 f5 12.exf6 Nxf6 13.Qe2 d5 14.Nc3 a6 15.Be3 Bd6
16.Rac1 Bd7 17.Na4 Be8 18.Bg5 Kh8 19.Qxe6 Bd7 20.Qe2 Bg4 21.h3 Bxf3 22.Qxf3 Ne4
23.Qg4 Nxg5 24.Qxg5 Bh2+ 25.Kh1 Bf4 26.Qxd5 Bxc1 27.Rxc1 Qf4 28.Qc5 Nxd4
29.Nb6 Rad8 30.Rd1 Nf3 31.g3 Qd4 32.Qxd4 Rxd4 33.Be2 Rxd1+ 34.Bxd1 Ne1 35.f4 Rd8
36.Bg4 Rd2  0-1

[Event "SLO-chT"]
[Site "Bled"]
[Date "1996.??.??"]
[Round "7"]
[White "Pavasovic, Dusko"]
[Black "Cigan, Stefan"]
[Result "1-0"]
[WhiteElo "2495"]
[BlackElo "2370"]

1.e4 c5 2.c3 Nf6 3.e5 Nd5 4.d4 cxd4 5.Nf3 Nc6 6.cxd4 d6 7.Bc4 Nb6 8.Bb3 dxe5
9.d5 Na5 10.Nc3 Nxb3 11.Qxb3 e6 12.Nxe5 exd5 13.Be3 Be7 14.Qb5+ Kf8 15.Rd1 Be6
16.O-O Qd6 17.Rfe1 f6 18.Nf3 Kf7 19.Qe2 Rhe8 20.Ne4 Qb4 21.Nc3 Bg4 22.Bxb6 Bxf3
23.Qxf3 Qxb6 24.Nxd5 Qd6 25.Nf4 Qc6 26.Qb3+  1-0